000
00194 a2200097 4500
001
49519
100
_a
Collins
245
_a
Moon stone
260
_a
London
_b
J M Dent
_c
090
_c
32048
_d
32048
942
_a
NUST-CAE
_c
M
_c
24501
999
_c
284592
_d
284592